000 00913nas a2200265 4500
001 BR8001071
003 BR-BrBNA
005 20231205084157.0
007 ta
008 230509b bl.|||p| |||| 00| 00por d
040 _aBR-BrBNA
_bpor
_cBiblioteca Nacional de Agricultura
041 _a(Pt)
072 _aF10
100 1 _aAntunes, F.Z.
245 1 _aExigencias climaticas da cultura do sorgo [Sorghum bicolor; Minas Gerais; Brasil]
246 1 _a[Climate requirements of sorghum crop [Sorghum bicolor; Minas Gerais; Brazil]]
650 _aMeteorologia
650 _aSorgo granifero
650 _aBalanco hidrico
650 _aPrecipitacao pluvial
650 _aMinas Gerais
773 0 _tInforme Agropecuario - Empresa de Pesquisa Agropecuaria de Minas Gerais (Brazil)
_xISSN 0100-3364
_g(Aug 1979), v. 5(56) p. 6-12
_wBR8001071
909 _a202311
_bLúcia
_c55
_dLúcia Elande
942 _2AGRIS
_n0
_cANA
999 _c103602
_d103602